ბათუმის შოთა რუსთაველის სახელმწიფო უნივერსიტეტის ბიბლიოთეკა

ბათუმის შოთა რუსთაველის სახელმწიფო უნივერსიტეტი : (ბიბ.ჩანაწერი № 59859)

000 -ლიდერი
ფიქსირებული სიგრძის საკონტროლო ველი 01632nam a22002537a 4500
003 - საკონტროლო ნომრის იდენტიფიკატორი
საკონტროლო ველი Ge_BSU
005 - ბოლო ოპერაციის თარიღი და დრო
საკონტროლო ველი 20230501142600.0
008 - ფიქსირებული სიგრძის მონაცემთა ელემენტები - ზოგადი ინფორმაცია
ფიქსირებული სიგრძის საკონტროლო ველი 230501s2015 ge ||||| |||| 00| 0 geo d
020 ## - წიგნის საერთაშორისო სტანდარტული ნომერი
International Standard Book Number 15124991
041 ## - ენის კოდი
Language code of text/sound track or separate title geo
080 ## - უნივერსალური ათობითი კლასიფიკაციის ინდექსი
Universal Decimal Classification number 378(063)+94(479.23) ბ-17
245 ## - ცნობა სათაურის შესახებ
Title ბათუმის შოთა რუსთაველის სახელმწიფო უნივერსიტეტი :
Remainder of title ნიკო ბერძენიშვილის ინსტიტუტის შრომები XI /
Statement of responsibility, etc რედაქტორები: ნარგიზ ახვლედიანი, ბიჭიკო დიასამიძე, ჯემალ ვარშალომიძე, ოთარ თურმანიძე და სხვ.
264 ## - წარმოების, გამოცემის, დისტრიბუციის და სხვა ცნობები
გამოცემის, წარმოების, დისტრიბუციის... ადგილი ბათუმი :
გამოცემის, წარმოების, დისტრიბუციის... სახელწოდება ბათუმის შოთა რუსთაველის სახელმწიფო უნივერსიტეტი,
გამოცემის, წარმოების, დისტრიბუციის... თარიღი 2015.
300 ## - ფიზიკური აღწერა
Extent 309 გვ.;
Other physical details 27 სმ.
500 ## - ზოგადი შენიშვნა
General note პარალ. სათ. ინგლ. და რუს ენ.
653 ## - INDEX TERM--UNCONTROLLED
Uncontrolled term არქეოლოგია
653 ## - INDEX TERM--UNCONTROLLED
Uncontrolled term ისტორია
653 ## - INDEX TERM--UNCONTROLLED
Uncontrolled term ეთნოლოგია
700 ## - ADDED ENTRY--PERSONAL NAME
Personal name ახვლედიანი, ნარგიზ
Relator term რედაქტორი
9 (RLIN) 4833
700 ## - ADDED ENTRY--PERSONAL NAME
Personal name ბიჭიკო დიასამიზე,
Relator term რედაქტორი
9 (RLIN) 17877
700 ## - ADDED ENTRY--PERSONAL NAME
Personal name ვარშალომიძე, ჯემალ
Relator term რედაქტორი
9 (RLIN) 4618
700 ## - ADDED ENTRY--PERSONAL NAME
Personal name თურმანიძე, ოთარ და სხვ.
Relator term რედაქტორი
9 (RLIN) 17878
942 ## - ADDED ENTRY ELEMENTS (KOHA)
Source of classification or shelving scheme
Koha item type წიგნი
ეგზემპლარები
ჩამოწერის სტატუსი დაკარგული ეგზემპლარის სტატუსი კლასიფიკაციის წყარო ან თაროზე გაწყობის სქემა დაზიანების სტატუსი არ გაიცემა მუდმივი მდებარეობა (დაცვის ადგილი) ამჟამინდელი ადგილსამყოფელი თაროზე განთავსების ადგილი შეძენის თარიღი ღირებულება, შესყიდვის ნორმალური ფასი სრული შენახვის შიფრი შტრიხკოდი ბოლო ოპერაციის თარიღი ეგზემპლარის მიმდევრობითი ნომერი (კეტერი?) Uniform Resource Identifier ფასის ძალაში შესვლის თარიღი ეგზემპლარის სახეობა საჯარო შენიშვნა
          ბათუმის შოთა რუსთაველის სახელმწიფო უნივერსიტეტის მთავარი ბიბლიოთეკა ბათუმის შოთა რუსთაველის სახელმწიფო უნივერსიტეტის მთავარი ბიბლიოთეკა წიგნსაცავი 2023-05-01 5.00 378(063)+94(479.23) ბ-17 64287 2023-05-01 64287 ბსუ-ს საპატიო დოქტორის გურამ ლორთქიფანიძის საჩუქარი 2023-05-01 წიგნი 5 ლ.